000 00414nam a2200181Ia 4500
001 20315
005 20260306172757.0
008 260306t2007||||xx |||||||||||||| ||spa||
041 _aESP
082 _a343.1
_bZ223
100 _aZagrebelsky, Gustavo
_eAUT
245 0 _aEl derecho dúctil
260 _c2007
300 _a156 páginas :
_ccm.
650 _aGEN
654 _aCDE
942 _cLIB
_dJUS
_fJUS
_2ddc
_n
999 _c20315
_d20315